AN ANALYTICAL STUDY on the ISLAMIC CONCEPT of JUSTICE and its RELEVANCE to the CONTEMPORARY SOCIETY (Record no. 23166)

MARC details
000 -LEADER
fixed length control field 00391nam a22001217a 4500
082 ## - DEWEY DECIMAL CLASSIFICATION NUMBER
Classification number 297.197 JAS
100 ## - MAIN ENTRY--AUTHOR NAME
Author name Kokkeragadda, Jason
245 ## - TITLE STATEMENT
Title AN ANALYTICAL STUDY on the ISLAMIC CONCEPT of JUSTICE and its RELEVANCE to the CONTEMPORARY SOCIETY
260 ## - PUBLICATION, DISTRIBUTION, ETC. (IMPRINT)
Place of publication Henry Martyn Institute, Hyderabad
Name of publisher Henry Martyn Institute
Year of publication 2020
300 ## - PHYSICAL DESCRIPTION
Number of Pages 82
650 ## - SUBJECT ADDED ENTRY--TOPICAL TERM
Topical Term Islam and Politics
942 ## - ADDED ENTRY ELEMENTS (KOHA)
Koha item type Thesis
Holdings
Collection code Home library Current library Shelving location Date acquired Source of acquisition Full call number Accession Number Koha item type
Reference Henry Martyn Institute Library Henry Martyn Institute Library Reference 10/18/2020 Jason-student 297.197 JAS 11-4498 Thesis
                   Copyright © 2026 | Henry Martyn Institute | Hyderabad | TS-500052 | INDIA | Implemented by hmi.edu.in
Hit-Count:

Powered by Koha